Emmanuelis Alvari e Societate Jesu Institutionum grammaticarum Cum Privilegio, Sacrae, Caesareae, Regiaeq. Majestatis Et permissu Superiorum. Liber III., De Syllabarum Dimensione, Cui Adjunguntur Ars Metrica, Candidatus Rhetoricae, Alique, Quae In Humanitatis, Seu Poeseos Schola Fere Praelegi Solent.

Bibliographic Details
Main Author: Álvares, Manuel, 1526-1583 (Author)
Corporate Author: Akademická tlačiareň (Trnava, Slovensko) (Printer)
Format: Book
Language:Latin
PhysicalDescription:654 8°
Subjects:

MARC

LEADER 00000cam a22000005a 4500
001 vtls001148807
003 SK-MaSNL
005 20260301153957.0
008 251124s1746 xo 00000 lat
015 |a SNBHFA 
035 |a SNK000091667 
040 |a SNK  |b slo  |c SNK  |e AACR2 
041 0 |a lat 
044 |a xo  |c SK 
072 7 |a 81  |x Lingvistika. Jazyky  |2 konspekt 
080 |a 81'36  |2 2011 
080 |a 81'1  |2 2011 
100 1 |a Álvares, Manuel,  |d 1526-1583  |4 aut  |9 72207 
245 1 0 |a Emmanuelis Alvari e Societate Jesu Institutionum grammaticarum  |b Cum Privilegio, Sacrae, Caesareae, Regiaeq. Majestatis Et permissu Superiorum. Liber III., De Syllabarum Dimensione, Cui Adjunguntur Ars Metrica, Candidatus Rhetoricae, Alique, Quae In Humanitatis, Seu Poeseos Schola Fere Praelegi Solent. 
260 |e Tyrnaviae  |f Typis Academicis Societatis Jesu  |g Anno 1746 
300 |a 654  |c 8° 
500 |a Titulná strana s vinetou, linky, vinety, živé záhlavie, zložky, kustody 
510 4 |a Bibliografia 18. storočia  |c 218 
650 0 7 |a gramatika  |2 SNKPH  |9 865 
650 0 7 |a lingvistika  |2 SNKPH  |9 860 
710 2 |a Akademická tlačiareň (Trnava, Slovensko)  |4 prt  |9 232890 
752 |a Slovensko  |d Trnava 
852 |a snk  |p SD 10833 
958 |a ONDV 
958 |a RK 
958 |a DD 
999 |c 795166  |d 797096 
952 |t P60, <03>, [BOOK], {603}  |a SNK  |b SNK  |y PREZ  |7 0  |o snkSD 10833  |i snk869/56  |0 0  |1 0  |4 0  |d 2004-11-08  |l 0  |r 2005-01-01 00:00:00  |w 2026-02-24 
952 |a SNK  |b SNK  |y PREZ  |7 0  |p 17A1151576  |o snkSD 10833 D1  |i snkF 2796/84  |8 5  |3 rekatalogizácia  |0 0  |1 0  |4 0  |d 2017-04-08  |l 0  |r 2026-02-24 01:50:14  |w 2026-02-24